Capitals With Seven Letters - Statistics

General Stats
  • This quiz has been taken 2,265 times
    2,256 since last reset
  • The average score is 18 of 25
Answer Stats
Capital % Correct
Algiers
83%
Beijing
83%
Caracas
83%
Yerevan
82%
Vilnius
80%
Bangkok
79%
Jakarta
79%
Tripoli
79%
Baghdad
75%
Nairobi
75%
Bishkek
74%
Kampala
73%
Tbilisi
72%
Managua
71%
Tallinn
71%
Yaoundé
71%
Thimphu
69%
Nicosia
67%
San José
67%
Conakry
66%
Honiara
65%
Palikir
61%
Mbabane
59%
São Tomé
50%
Colombo
34%
No matching quizzes found
Score Distribution
Percent of People with Each Score
Percentile by Number Answered
Your Score History
You have not taken this quiz since the last reset